Yoo hoo, moon! / (Record no. 14531)

MARC details
000 -LEADER
fixed length control field 00598nam a22002052 4500
001 - CONTROL NUMBER
control field 0000009659
005 - DATE AND TIME OF LATEST TRANSACTION
control field 20151217160121.0
008 - FIXED-LENGTH DATA ELEMENTS--GENERAL INFORMATION
fixed length control field 081114s xx 000 0 eng d
020 ## - INTERNATIONAL STANDARD BOOK NUMBER
International Standard Book Number 0553070940 :
040 ## - CATALOGING SOURCE
Original cataloging agency KABU
Transcribing agency KABU
100 1# - MAIN ENTRY--PERSONAL NAME
Personal name Blocksma, Mary.
-- 0000161384
245 10 - TITLE STATEMENT
Title Yoo hoo, moon! /
Statement of responsibility, etc. Mary Blocksman, illus. by Patience Brewster.
250 ## - EDITION STATEMENT
Edition statement 1st ed.
260 ## - PUBLICATION, DISTRIBUTION, ETC. (IMPRINT)
Place of publication, distribution, etc. New York :
Name of publisher, distributor, etc. Bantam Books,
Date of publication, distribution, etc. 1992.
300 ## - PHYSICAL DESCRIPTION
Extent [30] p.
700 1# - ADDED ENTRY--PERSONAL NAME
Personal name Brewster, Patience.
-- 0000013204
852 1# - LOCATION
-- p100 KES
908 ## - PUT COMMAND PARAMETER (RLIN)
Put command parameter 081114
950 ## - LOCAL HOLDINGS (RLIN)
-- 1
Holdings
Withdrawn status Lost status Source of classification or shelving scheme Not for loan Home library Current library Date acquired Total Checkouts Full call number Barcode Date last seen Date last checked out Price effective from Koha item type
    Library of Congress Classification   Kabarak, Main Campus Kabarak, Main Campus 17/12/2015 3 PZ8.3 .B56Y6 c. 1 15520 19/10/2021 27/08/2021 17/12/2015 Children Collection
Designed with assistance from East African Informatics Ltd